000 01093nam a22003377a 4500
003 CHAP
005 20220329135204.0
008 971013s1970 r 00010 d
010 _a32339
011 _a33311
035 _a37426
040 _cCHAP
082 _a029.7
_bN5
100 0 0 _aNie, Norman.
_981217
245 _aStatistical package for the social science
260 _aNew York :
_bMcGraw-Hill,
_c1970
300 _a343 p.
590 _aBATCH-UPD
_b10
_c20130109
_lUCH01
_h2357
590 _aBATCH-UPD
_b10
_c20130110
_lUCH01
_h2205
590 _aBATCH-UPD
_b10
_c20130409
_lUCH01
_h1931
590 _aBATCH-UPD
_b10
_c20130410
_lUCH01
_h1510
590 _aBATCH-UPD
_b10
_c20130914
_lUCH01
_h0936
590 _aCONVERSION
_b10
_c20130109
_lUCH01
_h1318
650 1 4 _aCiencias sociales
_xServicios de información.
_923234
650 1 4 _aProcesamiento automático de datos en ciencias sociales.
_991765
700 0 _aBent, Dale H.
_911690
700 0 _aHull, C. Hadlai.
_956845
901 _aBK
942 _cLIBRO
949 _a029.7 N5
_bBC
_cLIBRO
_d33724000297743
_eLIBRO
_h1185
_i37426
_si
999 _c32339
_d32339